banner-ar

LES PHARAONS 'A LA CONQUETE DE L'ART / (Record no. 12377)

MARC details
000 -الفاتح
حقل البيانات ثابتة الطول 00514nam a2200205Ia 4500
008 - عناصر البيانات ثابتة الطول - معلومات عامة
حقل البيانات ثابتة الطول 140319s9999 xx 000 0 eng d
040 ## - مصدر الفهرسة
وكالة الفهرسة الأصلية GCL /
وكالة النسخ GCL
082 04 - رقم تصنيف ديوى العشرى
رقم التصنيف CC
رقم المادة 709.012
-- L A
100 1# - المدخل الرئيسى - إسم شخصى
الإسم الشخصى DRIOTON,ETIENNE
245 10 - بيان العنوان
العنوان LES PHARAONS 'A LA CONQUETE DE L'ART /
بيان المسئوليه,etc DRIOTON,ETIENNE
700 1# - المدخل الاضافى - اسم شخصى
الإسم الشخصى DU BOURGUET, PIERRE
300 ## - الوصف المادى
التعداد 423 P P
650 04 - المدخل الاضافى بالموضوع-مصطلح موضوعى
مصطلح موضوعي ANCIENT EGYPT
650 04 - المدخل الاضافى بالموضوع-مصطلح موضوعى
مصطلح موضوعي ART
650 04 - المدخل الاضافى بالموضوع-مصطلح موضوعى
مصطلح موضوعي PHARAOHS
650 04 - المدخل الاضافى بالموضوع-مصطلح موضوعى
مصطلح موضوعي ART, ANCIENT EGYPT
942 ## - عناصر المدخل الإضافي( كوها)
مصدر التصنيف او مخطط الترفيف Dewey Decimal Classification
Koha [default] item type كتاب
260 ## - PUBLICATION, DISTRIBUTION, ETC. (IMPRINT)
-- [S.N] :
-- DDB
Holdings
حالة التراجع حالة الفقد حالة تلف ليس للاعارة المكان المؤقت الموقع الحالى تاريخ الاكتساب اجمالي اﻻعارات رقم الطلب الباركود تاريخ اخر مشاهدة تاريخ تفعيل السعر نوع وعاء كوها
        مكتبة القاهرة الكبرى مكتبة القاهرة الكبرى 03/26/2014   CC\709.012\L A 24109 03/26/2014 03/26/2014 كتاب
        مكتبة القاهرة الكبرى مكتبة القاهرة الكبرى 03/26/2014   CC\709.012\L A 24110 03/26/2014 03/26/2014 كتاب
        مكتبة القاهرة الكبرى مكتبة القاهرة الكبرى 03/26/2014   CC\709.012\L A 24111 03/26/2014 03/26/2014 كتاب

Powered By

EGPV